01548nam a2200241 a 450000500170000000800410001702000180005804100080007610000290008424500790011325000540019226000660024630000110031250001520032365300500047565301360052565300960066165300850075765301460084265301410098865301010112965300760123020240423092114.0100319t2006||||ag a|||f |||| 001 0 spa d a9789879322390 aspa1 aDe Plaen, SylvaineeDir. 3aLa atención de los niños y el pluralismo cultural /cSylvaine De Plaen a1a ed.bTraducción Dra. Catalina Martín Allio aBuenos Aires: bEdiciones del Hospital Sainte-Justine;c2006. a131 p. aDe Plaen, S. (Dir.). (2006). La atención de los niños y el pluralismo cultural. (1a ed.). Buenos Aires : Ediciones del Hospital Sainte-Justine. aHacía una nueva pediatría intercultural.  aSurgimiento de una pediatría intercultural en el Hospital Sainte-Justine: Pensar la pluralidad social y cultural de las familias. 3aLa cultura en la práctica psiquíatrica: Reflexiones a partir de situaciones clínicas. 3aLa salud de los pueblos originarios: comprender mejor e intervenir de otro modo. 3aEl acto alimentario y su relación con el cuerpo, reveladores de las dimensiones sociopolíticas de la diabetes en los pueblos originarios. 3aUn paso hacia la atención mas adecuada: la experiencia de la Clínica de pediatría transcultural del Hospital Maisonneuve-Rosemont. aApuestas y desafios de una practica pediátrica en contexto pluralista: reflexiones teóricas. 4aUna antropologia del niño: Marco para una pediatría intercultural.